Biblioteca

Aportes de la convivencia intercultural en la formación integral de los estudiantes de la facultad de teología de la FUSBC / Luis Carlos García Rojas (Registro nro. 38901)

Detalles MARC
000 -LÍDER
Campo fijo de descripción fija 009530000a22001690004500
001 - NÚMERO DE CONTROL
Campo de control 8783
100 1# - ASIENTO PRINCIPAL--NOMBRE PERSONAL
Nombre personal García Rojas, Luis Carlos
245 10 - TÍTULO
Título del Material Aportes de la convivencia intercultural en la formación integral de los estudiantes de la facultad de teología de la FUSBC / Luis Carlos García Rojas
260 ## - PUBLICACIÓN, DISTRIBUCIÓN, ETC. (PIE DE IMPRENTA)
Lugar de publicación, distribución, etc. Medellín : FUSBC
300 ## - DESCRIPCIÓN FÍSICA
Extensión 49:31 min.
500 ## - NOTA GENERAL
Nota General Formato DVD
650 14 - ASIENTO SECUNDARIO DE MATERIA - TERMINO TEMÁTICO
Término temático o nombre geográfico como elemento de entrada FORMACION INTEGRAL - FUSBC
942 ## - TIPO DE MATERIAL (KOHA)
Tipo de Item KOHA Libros General
Existencias
Estado de Material Estado de Perdido Estado de Dañado No para Préstamo Colección Tomo Biblioteca de Origen Biblioteca Permanente Fecha de Adquisición Total de Préstamos Signatura Topográfica Código de Barras Última vez visto Ejemplar/Existencia Fecha de Remplazo Tipo de Material Nota Pública
        Trabajos de grado   Biblioteca FUSBC Biblioteca FUSBC 01/02/2012   T DVD0001 4429 12/12/2019 1 26/01/2016 Trabajos de Grado RECURSO EN REPCI- Seguir el link de acceso

Biblioteca FUSBC | Teléfono: (57+4) 349 88 10 Ext. 141| WhatsApp (+57) 3005338115 
E-mail: biblioteca@unisbc.edu.co | Calle 76 87-14 Robledo Palenque, Medellín, Colombia

Con tecnología Koha